[Event "Benidorm 2005 - sub2300"]
[Site "Benidorm ESP"]
[Date "2005.11.13"]
[Round "3.9"]
[White "Moreto Quintana, Alex"]
[Black "Cruz Alvarez de Ron, Dan"]
[Result "0-1"]
[WhiteElo "2096"]
[BlackElo "2244"]
[PlyCount "72"]
[EventDate "2005.11.11"]
[EventType "swiss"]
[EventRounds "9"]
[EventCountry "ESP"]
[Source "lmi"]
[SourceDate "2005.11.11"]

1. d4 e6 2. c4 Nf6 3. Nc3 Bb4 4. Bg5 h6 5. Bh4 c5 6. d5 d6 7. e3 e5 8. Qc2 Nbd7
9. Bd3 Qe7 10. f3 b5 11. Nge2 g5 12. Bg3 Nb6 13. b3 O-O 14. O-O bxc4 15. bxc4
Nh5 16. f4 Nxg3 17. Nxg3 exf4 18. exf4 Qe3+ 19. Kh1 Nxc4 20. Nd1 Qd4 21. Bxc4
gxf4 22. Nh5 Qe5 23. Nxf4 Qxa1 24. Nb2 Bf5 25. Qf2 Bb1 26. Nfd3 Bc3 27. Rd1
Rab8 28. Qf1 Rxb2 29. Nxb2 Qxb2 30. Rxb1 Qd2 31. Qf3 Be5 32. Rf1 Qg5 33. Qe4 f5
34. Qf3 Qh4 35. g3 Qxc4 36. Qh5 Qxf1# 0-1

[Event "Benidorm 2005 - sub2300"]
[Site "Benidorm ESP"]
[Date "2005.11.13"]
[Round "3.10"]
[White "Giles, Benjamin"]
[Black "Goormachtigh, Johan"]
[Result "1/2-1/2"]
[WhiteElo "2018"]
[BlackElo "2231"]
[PlyCount "95"]
[EventDate "2005.11.11"]
[EventType "swiss"]
[EventRounds "9"]
[EventCountry "ESP"]
[Source "lmi"]
[SourceDate "2005.11.11"]

1. d4 Nf6 2. c4 e6 3. Nf3 b6 4. Nc3 Bb4 5. Bd2 Bb7 6. e3 O-O 7. Bd3 d5 8. O-O
Nbd7 9. Rc1 dxc4 10. Bxc4 c5 11. a3 Bxc3 12. Bxc3 Ne4 13. dxc5 Nxc3 14. Rxc3
Nxc5 15. b4 Qxd1 16. Rxd1 Na4 17. Rc2 Be4 18. Rcd2 a5 19. Ne5 axb4 20. axb4 b5
21. Bb3 Nc3 22. Rc1 Rfc8 23. Kf1 Bd5 24. Bxd5 Nxd5 25. Rxc8+ Rxc8 26. Rd4 g5
27. h4 h6 28. hxg5 hxg5 29. Ke2 Rc2+ 30. Kf3 f6 31. Nd3 Rd2 32. Nc5 Rxd4 33.
exd4 Kf7 34. Nd3 Ke7 35. g4 Kd6 36. Ke4 Nc3+ 37. Ke3 Na2 38. f4 gxf4+ 39. Kxf4
Kd5 40. Ke3 Kc4 41. Nc5 Kd5 42. Nd3 Kc4 43. Nc5 Nxb4 44. Nxe6 Nd5+ 45. Ke4 b4
46. Nc5 Ne7 47. Nd3 b3 48. Nb2+ 1/2-1/2

[Event "Benidorm 2005 - sub2300"]
[Site "Benidorm ESP"]
[Date "2005.11.14"]
[Round "4.1"]
[White "Fenollar Jorda, Manuel"]
[Black "Pallardo Lozoya, Jose Vicente"]
[Result "1-0"]
[WhiteElo "2258"]
[BlackElo "2298"]
[PlyCount "57"]
[EventDate "2005.11.11"]
[EventType "swiss"]
[EventRounds "9"]
[EventCountry "ESP"]
[Source "lmi"]
[SourceDate "2005.11.11"]

1. d4 d5 2. Nf3 Nf6 3. e3 e6 4. Bd3 c5 5. c3 a6 6. a4 Nc6 7. Nbd2 Qc7 8. O-O e5
9. dxe5 Nxe5 10. Nxe5 Qxe5 11. e4 Bg4 12. Qe1 dxe4 13. Nxe4 O-O-O 14. Nxf6 Qxf6
15. Qe4 Be6 16. Bc4 Bf5 17. Qf3 Qg6 18. Bf4 Be4 19. Qh3+ f5 20. Rfe1 Bd5 21.
Bd3 Be6 22. Bc2 Bd7 23. Rad1 Qg4 24. Qxg4 fxg4 25. Bg5 g6 26. Bb3 Bg7 27. Bxd8
Rxd8 28. Re7 Bf6 29. Rexd7 1-0

[Event "Benidorm 2005 - sub2300"]
[Site "Benidorm ESP"]
[Date "2005.11.14"]
[Round "4.2"]
[White "Peña, Alfredo"]
[Black "Rodkin, Rafael"]
[Result "1-0"]
[WhiteElo "2291"]
[BlackElo "2237"]
[PlyCount "124"]
[EventDate "2005.11.11"]
[EventType "swiss"]
[EventRounds "9"]
[EventCountry "ESP"]
[Source "lmi"]
[SourceDate "2005.11.11"]

1. e4 d6 2. d4 g6 3. f4 Bg7 4. Nf3 c5 5. dxc5 Qa5+ 6. c3 Qxc5 7. Bd3 Nf6 8. Qe2
Nc6 9. Be3 Qa5 10. Nbd2 O-O 11. O-O Qc7 12. Nb3 e5 13. Rad1 d5 14. fxe5 dxe4
15. exf6 exd3 16. Rxd3 Bxf6 17. Bc5 Bf5 18. Re3 Rfd8 19. Bd4 Bxd4 20. Nfxd4 Bd7
21. Qf2 Rf8 22. Qf6 Qb6 23. Qf2 Be6 24. Nxc6 bxc6 25. Nd4 Bc4 26. Ra1 c5 27.
Nf3 Rae8 28. Ne5 Be6 29. Rae1 Rd8 30. b3 Rd6 31. Nf3 c4 32. b4 Rd3 33. Nd4 Bd5
34. Qc2 Rxe3 35. Rxe3 h5 36. Re5 Qd6 37. Qe2 a6 38. a4 h4 39. Re3 Kg7 40. Qg4
Qf6 41. a5 Rh8 42. Ne2 Rh5 43. Qd4 Qxd4 44. Nxd4 Kf6 45. Kf2 Rg5 46. Nf3 Rf5
47. Ke2 Rf4 48. g3 hxg3 49. hxg3 Rf5 50. Kf2 g5 51. Ke2 g4 52. Nd4 Rh5 53. Kd2
Rh2+ 54. Re2 Rh1 55. Rf2+ Ke5 56. Rf5+ Kd6 57. Rf4 Rh2+ 58. Ke3 Ke5 59. Rxg4 f5
60. Rg5 Be4 61. Rxf5+ Bxf5 62. Nf3+ Kd5 1-0

[Event "Benidorm 2005 - sub2300"]
[Site "Benidorm ESP"]
[Date "2005.11.14"]
[Round "4.3"]
[White "Pribeanu, Dacian"]
[Black "Galvan, Jesus"]
[Result "1/2-1/2"]
[WhiteElo "2268"]
[BlackElo "2226"]
[PlyCount "86"]
[EventDate "2005.11.11"]
[EventType "swiss"]
[EventRounds "9"]
[EventCountry "ESP"]
[Source "lmi"]
[SourceDate "2005.11.11"]

1. e4 c5 2. Nf3 Nc6 3. d4 cxd4 4. Nxd4 Nf6 5. Nc3 e5 6. Ndb5 d6 7. Bg5 a6 8.
Na3 b5 9. Bxf6 gxf6 10. Nd5 Bg7 11. c3 f5 12. Bd3 Ne7 13. Nxe7 Qxe7 14. O-O O-O
15. Qf3 d5 16. exd5 e4 17. Qe3 Rd8 18. Bc2 Bb7 19. Bb3 Bxd5 20. Bxd5 Rxd5 21.
Rad1 Rad8 22. Rxd5 Rxd5 23. Nc2 Qd6 24. Qe1 Be5 25. g3 Qg6 26. Ne3 Rd3 27. Ng2
Qg4 28. Qc1 Kg7 29. Ne1 Rd6 30. f3 Qh5 31. fxe4 fxe4 32. Ng2 f5 33. Qe3 Rf6 34.
Qc5 Qe8 35. Qe3 h6 36. Nh4 Qe6 37. Qa7+ Rf7 38. Qe3 a5 39. a3 Bc7 40. Kh1 Kh7
41. Ng2 Bb6 42. Qf4 Bc7 43. Qe3 Bb6 1/2-1/2

[Event "Benidorm 2005 - sub2300"]
[Site "Benidorm ESP"]
[Date "2005.11.14"]
[Round "4.4"]
[White "Acebal Muñiz, Antonio"]
[Black "Celaya Tapiz, Jose Maria"]
[Result "1/2-1/2"]
[WhiteElo "2217"]
[BlackElo "2267"]
[PlyCount "47"]
[EventDate "2005.11.11"]
[EventType "swiss"]
[EventRounds "9"]
[EventCountry "ESP"]
[Source "lmi"]
[SourceDate "2005.11.11"]

1. Nf3 Nc6 2. d4 d5 3. c4 e6 4. Nc3 Nf6 5. Bg5 Be7 6. e3 O-O 7. Be2 dxc4 8.
Bxc4 b6 9. O-O Bb7 10. Qe2 Nh5 11. Bxe7 Nxe7 12. Rac1 Nf6 13. Ne5 Ng6 14. Nxg6
hxg6 15. Ba6 Qc8 16. Bxb7 Qxb7 17. Qf3 Qxf3 18. gxf3 Rfc8 19. Nb5 Ne8 20. Rc6
a6 21. Nc3 Kf8 22. Rc1 Rd8 23. Ne4 Rd5 24. f4 1/2-1/2

[Event "Benidorm 2005 - sub2300"]
[Site "Benidorm ESP"]
[Date "2005.11.14"]
[Round "4.5"]
[White "Madina, Martin"]
[Black "Diogo, Vasco"]
[Result "1-0"]
[WhiteElo "2262"]
[BlackElo "2155"]
[PlyCount "83"]
[EventDate "2005.11.11"]
[EventType "swiss"]
[EventRounds "9"]
[EventCountry "ESP"]
[Source "lmi"]
[SourceDate "2005.11.11"]

1. g3 Nf6 2. Bg2 g6 3. e4 d6 4. d4 Bg7 5. Ne2 O-O 6. O-O e5 7. h3 Re8 8. Nbc3
Nbd7 9. Bg5 h6 10. Be3 exd4 11. Bxd4 Nf8 12. Qd2 Bd7 13. Be3 Kh7 14. g4 Bc6 15.
Ng3 N8d7 16. f4 Qe7 17. Rae1 Nb6 18. b3 Rad8 19. a4 Nc8 20. Bd4 Qf8 21. Nd1 Qh8
22. c3 Re7 23. Nf2 Rde8 24. h4 Kg8 25. Bf3 Nd7 26. Kg2 Nf8 27. f5 Be5 28. g5 h5
29. f6 Rd7 30. Nd3 Ne6 31. Qe3 Bxg3 32. Kxg3 Nxd4 33. cxd4 d5 34. e5 Nd6 35.
Bg2 Ne4+ 36. Kh2 Rdd8 37. Nf4 Nd6 38. Bh3 Bd7 39. e6 Bxe6 40. Bxe6 fxe6 41.
Nxe6 Qh7 42. Qe5 1-0

[Event "Benidorm 2005 - sub2300"]
[Site "Benidorm ESP"]
[Date "2005.11.14"]
[Round "4.6"]
[White "Cruz Alvarez de Ron, Dan"]
[Black "Tscharotschkin, Michael"]
[Result "1/2-1/2"]
[WhiteElo "2244"]
[BlackElo "2216"]
[PlyCount "181"]
[EventDate "2005.11.11"]
[EventType "swiss"]
[EventRounds "9"]
[EventCountry "ESP"]
[Source "lmi"]
[SourceDate "2005.11.11"]

1. Nf3 d5 2. c4 c6 3. b3 Nf6 4. g3 g6 5. Bg2 Bg7 6. Bb2 O-O 7. O-O dxc4 8. bxc4
Be6 9. d3 Nh5 10. Qc2 Bxb2 11. Qxb2 Qb6 12. Qc3 Na6 13. Nbd2 Rab8 14. Rab1 Qc7
15. Rfc1 Rbc8 16. Ne4 f6 17. Nd4 Bf7 18. Bh3 e5 19. Bxc8 exd4 20. Qxd4 c5 21.
Nxc5 Nxc5 22. Bg4 Rd8 23. Qb2 Qd6 24. Qa3 a6 25. Bf3 Rd7 26. Bd5 f5 27. d4 Ne4
28. Qxd6 Nxd6 29. Bxf7+ Kxf7 30. c5 Nb5 31. e3 Na7 32. Rb6 Nc6 33. d5 Nd8 34.
c6 bxc6 35. dxc6 Rc7 36. Rxa6 Nf6 37. a3 Ne8 38. Rd1 Ke7 39. Rd7+ Rxd7 40. cxd7
Kxd7 41. Kg2 Nc7 42. Ra4 Nc6 43. e4 fxe4 44. Rxe4 Kd6 45. Rh4 h5 46. Ra4 Kd5
47. Rf4 Ke6 48. Rf8 Nb5 49. a4 Nc7 50. Ra8 Ne7 51. Rd8 Nc6 52. Rd1 Nd5 53. Rc1
Kd6 54. Kh3 g5 55. Kg2 Nb6 56. Re1 Nxa4 57. Re8 g4 58. Rh8 Ne5 59. Rxh5 Nc3 60.
h3 gxh3+ 61. Rxh3 Ke6 62. f4 Nf7 63. Kf3 Nd5 64. Rh1 Kf6 65. Ra1 Nc7 66. Ra7
Ne6 67. g4 Nd4+ 68. Ke4 Nd6+ 69. Kd5 N4b5 70. Rh7 Nf7 71. Rh1 Nc3+ 72. Kd4 Nb5+
73. Ke3 Nbd6 74. Ra1 Nc4+ 75. Kd4 Ncd6 76. Ra6 Kg7 77. Kd5 Ne8 78. Ra7 Kf6 79.
Rb7 Kg6 80. f5+ Kf6 81. Rb6+ Ke7 82. Re6+ Kd7 83. Rg6 Ke7 84. g5 Nc7+ 85. Ke4
Ne8 86. Kf4 Nc7 87. Rg7 Kf8 88. Rh7 Nd5+ 89. Kg4 Ne3+ 90. Kf4 Nd5+ 91. Ke4
1/2-1/2

[Event "Benidorm 2005 - sub2300"]
[Site "Benidorm ESP"]
[Date "2005.11.14"]
[Round "4.7"]
[White "Martin Blanco, Fernando"]
[Black "Sanchez Aller, Fernando"]
[Result "0-1"]
[WhiteElo "2138"]
[BlackElo "2274"]
[PlyCount "119"]
[EventDate "2005.11.11"]
[EventType "swiss"]
[EventRounds "9"]
[EventCountry "ESP"]
[Source "lmi"]
[SourceDate "2005.11.11"]

1. e4 d5 2. exd5 Nf6 3. Bb5+ Nbd7 4. c4 a6 5. Ba4 b5 6. cxb5 Nxd5 7. Nc3 N5b6
8. Bc2 axb5 9. d4 Bb7 10. Nf3 b4 11. Be4 Qc8 12. Bxb7 Qxb7 13. Ne2 Nd5 14. Bd2
e6 15. O-O Bd6 16. Ng3 O-O 17. Ne4 Ra6 18. Nxd6 cxd6 19. a4 bxa3 20. bxa3 Rfa8
21. a4 N7b6 22. a5 Nc4 23. Ng5 Nf6 24. Qe2 Nxd2 25. Qxd2 Qd5 26. Rfc1 h6 27.
Nf3 g5 28. h3 Kg7 29. Qa2 Qxa2 30. Rxa2 Rxa5 31. Rac2 Ra1 32. Rxa1 Rxa1+ 33.
Kh2 Ne4 34. g4 Ra6 35. Kg2 Nf6 36. Ng1 Ra3 37. Ne2 Rd3 38. Ra2 Ne4 39. Rb2 Nd2
40. Ra2 Nf3 41. Ra4 Nh4+ 42. Kg1 Rd2 43. Ng3 Rxd4 44. Nh5+ Kf8 45. Ra8+ Ke7 46.
Ra7+ Ke8 47. Ra8+ Kd7 48. Ra7+ Kc6 49. Rxf7 Rd3 50. Rf6 Rxh3 51. Rxe6 Ra3 52.
Rxh6 Ra4 53. Nf6 Rf4 54. Kf1 Kb5 55. Nh5 Rd4 56. Ng3 d5 57. Nf5 Rxg4 58. Ne3
Rd4 59. Ke2 Re4 60. Rh5 0-1

[Event "Benidorm 2005 - sub2300"]
[Site "Benidorm ESP"]
[Date "2005.11.14"]
[Round "4.8"]
[White "Moran Rodriguez, Luciano"]
[Black "Valmaña Canto, Jaime"]
[Result "0-1"]
[WhiteElo "2136"]
[BlackElo "2257"]
[PlyCount "116"]
[EventDate "2005.11.11"]
[EventType "swiss"]
[EventRounds "9"]
[EventCountry "ESP"]
[Source "lmi"]
[SourceDate "2005.11.11"]

1. d4 Nf6 2. c4 g6 3. Nc3 Bg7 4. Bf4 c5 5. d5 Nh5 6. Bd2 d6 7. g3 e5 8. e4 f5
9. exf5 Nf6 10. fxg6 hxg6 11. Bd3 Bf5 12. Bxf5 gxf5 13. Qc2 Qd7 14. Nf3 Na6 15.
a3 Ng4 16. Nh4 e4 17. f3 exf3 18. O-O-O Ne5 19. Bf4 Rxh4 20. Bxe5 Bh6+ 21. Bf4
Bxf4+ 22. gxf4 O-O-O 23. Qd2 Nc7 24. Rdf1 Rh3 25. Qd3 Rdh8 26. Rxf3 Rxh2 27.
Rxh2 Rxh2 28. Kb1 a6 29. Rg3 b5 30. Rg5 b4 31. Na2 Rf2 32. Qxf5 Qxf5+ 33. Rxf5
b3 34. Rf8+ Kd7 35. Nc1 Rf1 36. Rb8 Rxf4 37. Rxb3 Rxc4 38. Rb6 Rd4 39. Kc2 Rxd5
40. Ne2 Rh5 41. Nc3 Rh4 42. Kb3 Rg4 43. a4 d5 44. a5 Rg3 45. Kc2 Rg4 46. Kb3
c4+ 47. Kc2 d4 48. Na4 Rg2+ 49. Kc1 Nd5 50. Nc5+ Ke7 51. Re6+ Kf7 52. Rd6 Rg1+
53. Kd2 Rg2+ 54. Kc1 Rg1+ 55. Kd2 c3+ 56. bxc3 dxc3+ 57. Ke2 Nf4+ 58. Ke3 c2
0-1

[Event "Benidorm 2005 - sub2300"]
[Site "Benidorm ESP"]
[Date "2005.11.14"]
[Round "4.9"]
[White "Lacrosse, Marc"]
[Black "Plaza Pardo, Daniel"]
[Result "1-0"]
[WhiteElo "2233"]
[BlackElo "2136"]
[PlyCount "128"]
[EventDate "2005.11.11"]
[EventType "swiss"]
[EventRounds "9"]
[EventCountry "ESP"]
[Source "lmi"]
[SourceDate "2005.11.11"]

1. d4 Nf6 2. c4 g6 3. Nc3 Bg7 4. e4 d6 5. Nf3 O-O 6. Be2 e5 7. Be3 Ng4 8. Bg5
f6 9. Bc1 f5 10. Bg5 Qe8 11. h3 Nf6 12. dxe5 dxe5 13. O-O Nc6 14. Nd5 Qf7 15.
Bxf6 Bxf6 16. Bd3 Be6 17. Re1 Rae8 18. a3 a5 19. Rb1 Kh8 20. b4 axb4 21. axb4
fxe4 22. Bxe4 Bg7 23. Rb2 Bf5 24. Rbe2 Bxe4 25. Rxe4 Nd4 26. Nxd4 exd4 27. Rxe8
Rxe8 28. Rxe8+ Qxe8 29. Nf4 Qe4 30. Nd3 b6 31. b5 Bf8 32. Kf1 Kg7 33. Qe2 Qxe2+
34. Kxe2 Kf6 35. Kf3 Ke6 36. Ke4 Bg7 37. Nc1 Kd6 38. Nb3 Bf6 39. f4 c5 40. bxc6
Kxc6 41. Kd3 Kd6 42. g4 g5 43. fxg5 Bxg5 44. Kxd4 h6 45. Ke4 Ke6 46. Nd4+ Kd6
47. Nf5+ Kc5 48. Kd3 Bc1 49. h4 Bf4 50. Nd4 Bg3 51. Nf3 Bf4 52. h5 Bc1 53. Nd2
Bb2 54. Ne4+ Kb4 55. g5 hxg5 56. Nxg5 Bc1 57. Ne6 Bh6 58. Kd4 Bc1 59. Nf8 Bb2+
60. Kd5 Bg7 61. Nd7 Ka5 62. Kc6 Bh6 63. Nxb6 Kb4 64. Kd5 Be3 1-0

[Event "Benidorm 2005 - sub2300"]
[Site "Benidorm ESP"]
[Date "2005.11.14"]
[Round "4.10"]
[White "Goormachtigh, Johan"]
[Black "Sabater Sanchez, Asensio"]
[Result "1/2-1/2"]
[WhiteElo "2231"]
[BlackElo "2125"]
[PlyCount "34"]
[EventDate "2005.11.11"]
[EventType "swiss"]
[EventRounds "9"]
[EventCountry "ESP"]
[Source "lmi"]
[SourceDate "2005.11.11"]

1. d4 d5 2. c4 Nc6 3. Nf3 Bg4 4. Nc3 e6 5. Bf4 Bd6 6. Bg3 Bxg3 7. hxg3 Nf6 8.
e3 O-O 9. cxd5 exd5 10. Bd3 h6 11. Rc1 Re8 12. Bb5 Bd7 13. Bxc6 Bxc6 14. Ne5
Qd6 15. Nxc6 Qxc6 16. Qb3 Rab8 17. Qa4 Qb6 1/2-1/2

[Event "Benidorm 2005 - sub2300"]
[Site "Benidorm ESP"]
[Date "2005.11.15"]
[Round "5.1"]
[White "Peña, Alfredo"]
[Black "Fenollar Jorda, Manuel"]
[Result "1-0"]
[WhiteElo "2291"]
[BlackElo "2258"]
[PlyCount "69"]
[EventDate "2005.11.11"]
[EventType "swiss"]
[EventRounds "9"]
[EventCountry "ESP"]
[Source "lmi"]
[SourceDate "2005.11.11"]

1. e4 e5 2. Nf3 Nc6 3. Bb5 a6 4. Ba4 Nf6 5. O-O b5 6. Bb3 Bc5 7. c3 d6 8. h3
Bb7 9. d4 Bb6 10. Re1 h6 11. Be3 O-O 12. d5 Ne7 13. Bxb6 cxb6 14. Bc2 Qd7 15.
Nh4 g5 16. Nf3 Ng6 17. Nbd2 Nf4 18. Nf1 g4 19. hxg4 Nxg4 20. Ng3 Kh7 21. Nf5
Rg8 22. g3 Qc7 23. Qd2 Bc8 24. gxf4 Bxf5 25. exf5 Ne3+ 26. Kh1 Nxc2 27. Qxc2
Rg4 28. Nh2 Rxf4 29. Re4 Qc5 30. Rxf4 exf4 31. Qe4 Rg8 32. f6+ Rg6 33. Rg1 h5
34. Rxg6 fxg6 35. Qe7+ 1-0

[Event "Benidorm 2005 - sub2300"]
[Site "Benidorm ESP"]
[Date "2005.11.15"]
[Round "5.2"]
[White "Pallardo Lozoya, Jose Vicente"]
[Black "Madina, Martin"]
[Result "1/2-1/2"]
[WhiteElo "2298"]
[BlackElo "2262"]
[PlyCount "91"]
[EventDate "2005.11.11"]
[EventType "swiss"]
[EventRounds "9"]
[EventCountry "ESP"]
[Source "lmi"]
[SourceDate "2005.11.11"]

1. e4 c5 2. Nf3 d6 3. d4 cxd4 4. Nxd4 Nf6 5. Nc3 a6 6. f3 e5 7. Nb3 Be6 8. Be3
h5 9. Qd2 Nbd7 10. O-O-O Be7 11. Kb1 Rc8 12. g3 b5 13. f4 b4 14. Nd5 Nxd5 15.
exd5 Bf5 16. Bd3 Bxd3 17. Qxd3 Qc7 18. Qxa6 Qxc2+ 19. Ka1 O-O 20. Qd3 exf4 21.
Bxf4 Bf6 22. Nd4 Bxd4 23. Qxc2 Rxc2 24. Rxd4 b3 25. axb3 Nc5 26. Kb1 Re2 27.
Bxd6 Nxb3 28. Rd3 Nd2+ 29. Kc1 Rd8 30. Kd1 Rg2 31. Bc7 Nc4 32. Bxd8 Nxb2+ 33.
Kc1 Nxd3+ 34. Kb1 Rb2+ 35. Ka1 Rb5 36. d6 Rd5 37. Be7 f5 38. Ka2 h4 39. Kb3 Nf2
40. Ra1 hxg3 41. hxg3 Ne4 42. Kc4 Rd2 43. Ra5 Nxd6+ 44. Bxd6 Rxd6 45. Rxf5 Kh7
46. Rd5 1/2-1/2

[Event "Benidorm 2005 - sub2300"]
[Site "Benidorm ESP"]
[Date "2005.11.15"]
[Round "5.3"]
[White "Galvan, Jesus"]
[Black "Sanchez Aller, Fernando"]
[Result "0-1"]
[WhiteElo "2226"]
[BlackElo "2274"]
[PlyCount "46"]
[EventDate "2005.11.11"]
[EventType "swiss"]
[EventRounds "9"]
[EventCountry "ESP"]
[Source "lmi"]
[SourceDate "2005.11.11"]

1. d4 Nf6 2. c4 e6 3. Nc3 Bb4 4. e3 O-O 5. Bd3 c5 6. Nf3 d5 7. O-O Nc6 8. a3
Bxc3 9. bxc3 dxc4 10. Bxc4 Qc7 11. Qe2 e5 12. Nxe5 Nxe5 13. dxe5 Qxe5 14. f3
Bd7 15. e4 Ba4 16. Rb1 b6 17. Bb5 Qxc3 18. Bb2 Bxb5 19. Qxb5 Qe3+ 20. Kh1 Qh6
21. Rfd1 Rad8 22. Qa6 Nh5 23. Qxa7 Ng3+ 0-1

[Event "Benidorm 2005 - sub2300"]
[Site "Benidorm ESP"]
[Date "2005.11.15"]
[Round "5.4"]
[White "Tscharotschkin, Michael"]
[Black "Pribeanu, Dacian"]
[Result "1/2-1/2"]
[WhiteElo "2216"]
[BlackElo "2268"]
[PlyCount "78"]
[EventDate "2005.11.11"]
[EventType "swiss"]
[EventRounds "9"]
[EventCountry "ESP"]
[Source "lmi"]
[SourceDate "2005.11.11"]

1. e4 c6 2. d4 d5 3. Nc3 dxe4 4. Nxe4 Bf5 5. Ng3 Bg6 6. h4 h6 7. h5 Bh7 8. Nf3
e6 9. Bd3 Bxd3 10. Qxd3 Nd7 11. Bf4 Ngf6 12. O-O-O Be7 13. Ne5 O-O 14. Rh3 Nd5
15. Bd2 c5 16. Nxd7 Qxd7 17. dxc5 Qc6 18. Ne4 Rad8 19. Rg3 Kh8 20. Qc4 Nf6 21.
Nxf6 Bxf6 22. Rh1 b5 23. Qe2 Qd5 24. Rb3 a6 25. Be3 Qxg2 26. Rd1 Rc8 27. Rbd3
Qe4 28. Qd2 a5 29. Bxh6 Rxc5 30. Be3 Rxh5 31. Qxa5 Ra8 32. Ba7 Bg5+ 33. Kb1 Qb7
34. Ra3 Rh1 35. Rad3 Qf3 36. Re1 Qb7 37. f4 Rxa7 38. Qb4 Rxe1+ 39. Qxe1 Bxf4
1/2-1/2

[Event "Benidorm 2005 - sub2300"]
[Site "Benidorm ESP"]
[Date "2005.11.15"]
[Round "5.5"]
[White "Celaya Tapiz, Jose Maria"]
[Black "Cappon, John"]
[Result "0-1"]
[WhiteElo "2267"]
[BlackElo "2197"]
[PlyCount "78"]
[EventDate "2005.11.11"]
[EventType "swiss"]
[EventRounds "9"]
[EventCountry "ESP"]
[Source "lmi"]
[SourceDate "2005.11.11"]

1. e4 c5 2. Nf3 e6 3. Nc3 a6 4. g3 Nc6 5. Bg2 Qc7 6. O-O d6 7. d3 Be7 8. Bf4
Nf6 9. Re1 Ne5 10. a4 O-O 11. h3 Bd7 12. Be3 b5 13. Qd2 Bc6 14. Nh2 b4 15. Ne2
Rfd8 16. f4 Ng6 17. b3 d5 18. e5 d4 19. Bf2 Nd5 20. h4 Bf8 21. Nf3 Qb7 22. Ng5
Nge7 23. Be4 h6 24. Nh3 Nf5 25. Bxf5 exf5 26. Kh2 Re8 27. Neg1 f6 28. Nf3 Ne3
29. Bxe3 dxe3 30. Rxe3 Bxf3 31. exf6 Rxe3 32. Qxe3 gxf6 33. Qe6+ Kg7 34. Qxf5
Re8 35. Rf1 h5 36. Nf2 Re2 37. d4 Bg4 38. Qd3 Qf3 39. Kg1 Re3 0-1

[Event "Benidorm 2005 - sub2300"]
[Site "Benidorm ESP"]
[Date "2005.11.15"]
[Round "5.6"]
[White "Valmaña Canto, Jaime"]
[Black "Ballesteros, David"]
[Result "1-0"]
[WhiteElo "2257"]
[BlackElo "2163"]
[PlyCount "77"]
[EventDate "2005.11.11"]
[EventType "swiss"]
[EventRounds "9"]
[EventCountry "ESP"]
[Source "lmi"]
[SourceDate "2005.11.11"]

1. e4 c5 2. Nf3 Nc6 3. d4 cxd4 4. Nxd4 Nf6 5. Nc3 e5 6. Ndb5 d6 7. Bg5 a6 8.
Na3 b5 9. Bxf6 gxf6 10. Nd5 Bg7 11. Bd3 Ne7 12. Nxe7 Qxe7 13. c4 f5 14. O-O O-O
15. Qe2 Bb7 16. cxb5 axb5 17. Rfd1 Rad8 18. exf5 b4 19. Nb5 e4 20. Bc2 d5 21.
Nd4 Be5 22. Bb3 Rd6 23. g3 Qf6 24. Qe3 Rc8 25. Rd2 Ba6 26. f4 exf3 27. Re1 Bxd4
28. Rxd4 Qxf5 29. Rf4 Qe6 30. Qf2 Qxe1+ 31. Qxe1 Re6 32. Qd2 Rce8 33. Rg4+ Kh8
34. Qd4+ f6 35. Kf2 Re2+ 36. Kxf3 R8e5 37. Bxd5 h5 38. Rg8+ Kh7 39. Qa7+ 1-0

[Event "Benidorm 2005 - sub2300"]
[Site "Benidorm ESP"]
[Date "2005.11.15"]
[Round "5.7"]
[White "Van Hoolandt, Patrick"]
[Black "Cruz Alvarez de Ron, Dan"]
[Result "1/2-1/2"]
[WhiteElo "2185"]
[BlackElo "2244"]
[PlyCount "38"]
[EventDate "2005.11.11"]
[EventType "swiss"]
[EventRounds "9"]
[EventCountry "ESP"]
[Source "lmi"]
[SourceDate "2005.11.11"]

1. d4 e6 2. c4 Nf6 3. Nf3 c5 4. d5 b5 5. dxe6 fxe6 6. cxb5 d5 7. Nbd2 Bb7 8. e4
dxe4 9. Ne5 Qa5 10. Be2 Nbd7 11. Nc6 Qc7 12. Qb3 Nd5 13. Qg3 Qxg3 14. hxg3 e3
15. fxe3 Nxe3 16. Kf2 Nc2 17. Rb1 Bxc6 18. bxc6 Ne5 19. c7 Kd7 1/2-1/2

[Event "Benidorm 2005 - sub2300"]
[Site "Benidorm ESP"]
[Date "2005.11.15"]
[Round "5.8"]
[White "Arjun, Vishnuvardhan"]
[Black "Lacrosse, Marc"]
[Result "1/2-1/2"]
[WhiteElo "2190"]
[BlackElo "2233"]
[PlyCount "49"]
[EventDate "2005.11.11"]
[EventType "swiss"]
[EventRounds "9"]
[EventCountry "ESP"]
[Source "lmi"]
[SourceDate "2005.11.11"]

1. e4 e5 2. Bc4 Nf6 3. d3 Nc6 4. Nc3 Bb4 5. Nge2 d5 6. exd5 Nxd5 7. O-O Be6 8.
Bxd5 Bxd5 9. f4 O-O 10. Nxd5 Qxd5 11. fxe5 Nxe5 12. Nf4 Qd7 13. c3 Bd6 14. d4
Ng4 15. h3 Nf6 16. Qf3 c6 17. Bd2 Rae8 18. Rae1 Rxe1 19. Rxe1 Re8 20. Nd3 Rxe1+
21. Bxe1 Qe6 22. Bg3 Ne4 23. Bxd6 Nxd6 24. Qf4 f6 25. Nc5 1/2-1/2

[Event "Benidorm 2005 - sub2300"]
[Site "Benidorm ESP"]
[Date "2005.11.15"]
[Round "5.9"]
[White "Herrera Mellado, Luis"]
[Black "Rodkin, Rafael"]
[Result "1-0"]
[WhiteElo "2113"]
[BlackElo "2237"]
[PlyCount "61"]
[EventDate "2005.11.11"]
[EventType "swiss"]
[EventRounds "9"]
[EventCountry "ESP"]
[Source "lmi"]
[SourceDate "2005.11.11"]

1. e4 e6 2. d4 d5 3. Nc3 Bb4 4. e5 Ne7 5. Bd3 c5 6. a3 Bxc3+ 7. bxc3 Nbc6 8.
Qg4 Qa5 9. Bd2 c4 10. Be2 O-O 11. f4 f6 12. Nf3 fxe5 13. fxe5 Nf5 14. O-O Bd7
15. Qh3 Nd8 16. a4 Nf7 17. Rfb1 Rab8 18. Rb4 h6 19. g4 Ne7 20. g5 Nf5 21. Kh1
hxg5 22. Nxg5 Nxg5 23. Bxg5 Nxd4 24. Bh5 Be8 25. cxd4 Qxb4 26. Bg4 Bf7 27. c3
Qb2 28. Rg1 Qc2 29. Bf6 Bg6 30. Bxe6+ Rf7 31. Bxf7+ 1-0

[Event "Benidorm 2005 - sub2300"]
[Site "Benidorm ESP"]
[Date "2005.11.15"]
[Round "5.10"]
[White "Sanchez Barbado, Carlos"]
[Black "Goormachtigh, Johan"]
[Result "0-1"]
[WhiteElo "2118"]
[BlackElo "2231"]
[PlyCount "72"]
[EventDate "2005.11.11"]
[EventType "swiss"]
[EventRounds "9"]
[EventCountry "ESP"]
[Source "lmi"]
[SourceDate "2005.11.11"]

1. e4 c5 2. Nc3 Nc6 3. g3 g6 4. Bg2 Bg7 5. d3 d6 6. Be3 Rb8 7. Qd2 b5 8. f4 b4
9. Nd1 e6 10. Nf3 Nge7 11. O-O O-O 12. h3 Nd4 13. Nh4 f5 14. g4 Nec6 15. Bf2
fxg4 16. hxg4 g5 17. fxg5 Ne5 18. c3 bxc3 19. bxc3 Ndc6 20. d4 cxd4 21. cxd4
Nxg4 22. e5 Ne7 23. Bg3 Rxf1+ 24. Bxf1 dxe5 25. Bh3 h5 26. Bxg4 hxg4 27. Ne3
Nf5 28. Nexf5 exf5 29. d5 f4 30. Bf2 Qxg5 31. Ng2 e4 32. Bd4 Qxd5 33. Rd1 Qxd4+
34. Qxd4 Bxd4+ 35. Rxd4 Rb1+ 36. Kf2 g3+ 0-1